000 00439nam a2200157Ia 4500
008 220216s9999 xx 000 0 und d
100 _aDesalphine S.M.
245 0 _aCurrent scenario and priorities for the future
260 _bPlanters' Chronicle
_c2002
300 _a353-355
650 _aIndian rubber industry
650 _aRubber consumption
650 _aRubber plantation industry
650 _aRubber production
942 _cBS
999 _c51285
_d51285